| Tag |
First Indicator |
Second Indicator |
Subfields |
| LEADER |
00000nam a2200000 i 4500 |
| 001 |
in00005617153 |
| 008 |
240422t20242023nyu 000 1 eng d |
| 005 |
20250217174033.6 |
| 035 |
|
|
|a (OCoLC)on1430768878
|
| 040 |
|
|
|a JAG
|b eng
|e rda
|c JAG
|d OCLCO
|
| 020 |
|
|
|a 9781982193171
|q (mass market paperback)
|
| 020 |
|
|
|a 1982193174
|q (mass market paperback)
|
| 035 |
|
|
|a (OCoLC)1430768878
|
| 082 |
0 |
4 |
|a 813/.6
|2 23/eng/20240422
|
| 100 |
1 |
|
|a Chiles, Patrick,
|e author.
|
| 245 |
1 |
0 |
|a Escape orbit /
|c Patrick Chiles.
|
| 264 |
|
1 |
|a Riverdale, NY :
|b Baen Publishing Enterprises,
|c [2024]
|
| 264 |
|
4 |
|c ©2023
|
| 300 |
|
|
|a 458 pages ;
|c 18 cm
|
| 336 |
|
|
|a text
|b txt
|2 rdacontent
|
| 337 |
|
|
|a unmediated
|b n
|2 rdamedia
|
| 338 |
|
|
|a volume
|b nc
|2 rdacarrier
|
| 490 |
1 |
|
|a Eccentric orbits
|
| 520 |
|
|
|a "Five years ago, astronaut Jack Templeton took the spacecraft Magellan to the farthest reaches of our solar system, never to be heard from again. Until now. When the Magellan suddenly reappears where an undiscovered planet was suspected to be, it poses more questions than answers. How did Jack survive all this time? Can he make it back to Earth before his life support runs out? And what is the object long thought to be the elusive 'Planet Nine'? In a race against time, Jack's former crewmate Traci Keene spearheads a desperate effort to outfit a rescue mission. But she has competition. Agencies of both American and foreign governments have their own agendas, and rescuing rogue astronauts isn't among them. And at the edge of all that is known, a gateway to the unknown awaits"--
|c Page 4 of cover.
|
| 650 |
|
0 |
|a Interplanetary voyages
|v Fiction.
|
| 650 |
|
0 |
|a Space flight
|v Fiction.
|
| 650 |
|
0 |
|a Space probes
|v Fiction.
|
| 650 |
|
6 |
|a Voyages interplanétaires
|v Romans, nouvelles, etc.
|
| 650 |
|
6 |
|a Vol spatial
|v Romans, nouvelles, etc.
|
| 650 |
|
6 |
|a Sondes spatiales
|v Romans, nouvelles, etc.
|
| 655 |
|
7 |
|a Science fiction.
|2 lcgft
|
| 800 |
1 |
|
|a Chiles, Patrick.
|t Eccentric orbits.
|
| 029 |
1 |
|
|a AU@
|b 000077904267
|
| 994 |
|
|
|a Z0
|b TXA
|
| 948 |
|
|
|h HELD BY TXA - 7 OTHER HOLDINGS
|
| 999 |
f |
f |
|s b51a6f0f-9e51-47be-9dba-99e328e12c9a
|i 15b65222-a353-4997-9f3d-68ef05d9c856
|t 0
|
| 952 |
f |
f |
|p noncirc
|a Texas A&M University
|b College Station
|c Cushing Memorial Library & Archives
|d Cushing: Science Fiction (Does not check out)
|t 0
|e PS3603.H5644 E73 2024
|h Library of Congress classification
|i unmediated -- volume
|m A1485333862A
|
| 998 |
f |
f |
|a PS3603.H5644 E73 2024
|t 0
|l Cushing: Science Fiction (Does not check out)
|